000
00336 a2200157 4500
001
67235
020
_a
8532603963
040
_c
Anchieta - Pituba
100
_a
Carraher, Terezinha Nunes
240
1
0
_a
Aprender pensando
_l
por
245
1
0
_a
Aprender pensando
300
_a
127
362
0
_a
2003
650
4
_a
Educação
942
_c
BK
999
_c
67235
_d
67235